Law and professional issues in nursing

Salvato in:
Dettagli Bibliografici
Autore principale: GRIFFITH, Richard
Natura: Libro
Lingua:inglese
Pubblicazione: Learning Matters 2017
Tags: Aggiungi Tag
Nessun Tag, puoi essere il primo ad aggiungerne!!

MARC

LEADER 00000nam a22000007a 4500
008 210409b ||||| |||| 00| 0 eng d
020 |a 978-1-4739-6942-1 
100 |a GRIFFITH, Richard. 
245 |a Law and professional issues in nursing  |c Richard Griffith, Cassam Tengnah.   |e Transforming nursing practice  |g xiii, 309p. 
250 |b 4th ed.  
260 |b Learning Matters  |c 2017  |h London  |i 693244  |i 693245  |l KD2968 .N8G87  |m Nursing – Law and legislation – Great Britain.  |m Nursing – ethics – Great Britain.  |m Nurses – Great Britain – Hand books, manuals etc. 
500 |a “It includes references and index” 
942 |a lcc  |c BK  |e YUNUSA, A.A.  |f 9/4/21 
952 |0 0  |1 0  |2 lcc  |4 0  |7 0  |9 2088  |a HOL  |b ML  |c QZ  |d 2021-04-09  |o KD2968 .N8G87  |p 2021-5945  |r 2021-04-09 00:00:00  |w 2021-04-09  |y BK 
952 |0 0  |1 0  |2 lcc  |4 0  |6 KD2968 N8 G87  |7 0  |9 2089  |a HOL  |b HOL  |c QZ  |d 2021-04-09  |l 0  |o KD2968 .N8G87  |p 2021-5946  |r 2021-04-09 00:00:00  |w 2021-04-09  |y BK 
999 |c 1087  |d 1087